Vígias del patrimonio: mecanismos de participación
Gardado en:
| Formato: | Libro |
|---|---|
| Idioma: | Lingua castelá |
| Publicado: |
Bogotá
Ministerio de Cultura
2004
|
| Subjects: | |
| Tags: |
Engadir etiqueta
Sen Etiquetas, Sexa o primeiro en etiquetar este rexistro!
|
MARC
| LEADER | 00000nam a2200000 a 4500 | ||
|---|---|---|---|
| 001 | UCI6384 | ||
| 003 | CL-VaPUC | ||
| 008 | 080430e20040000CK |||||||||||||||||spa|d | ||
| 020 | |a 9588159954 | ||
| 082 | 0 | 4 | |a 306.4 |b VIG |2 21 |
| 245 | 1 | 0 | |a Vígias del patrimonio: mecanismos de participación |
| 300 | |a 35 p | ||
| 942 | |c BK | ||
| 945 | |d 20080430 00:00:00 |a jtorresc | ||
| 260 | |a Bogotá |b Ministerio de Cultura |c 2004 | ||
| 650 | 0 | |a Patrimonio cultural |9 309364 | |
| 650 | 0 | |a Participación ciudadana |9 330304 | |
| 650 | 7 | |a DERECHOS CULTURALES |2 CL-VaPUC |9 408140 | |
| 650 | 0 | |a Identidad cultural |9 319131 | |
| 651 | 0 | |a Colombia |9 256424 | |
| 583 | |a last modification |c 20080430 00:00:00 |k Rodrigo Vera | ||
| 999 | |c 329900 |d 329898 | ||
| 952 | |0 0 |1 0 |4 0 |6 306_400000000000000_VIG_2004 |7 0 |8 X |9 415104 |a FDOMLP |b FDOMLP |d 2019-11-22 |i 4436490 |o 306.4 VIG 2004 |p 4436490 |r 2019-11-22 |w 2019-11-22 |y BK_X |k BU2 | ||